Financial statement analysis / (Record no. 22133)
[ view plain ]
| 000 -LEADER | |
|---|---|
| fixed length control field | 02024cam a22003375a 4500 |
| 001 - CONTROL NUMBER | |
| control field | 17673338 |
| 005 - DATE AND TIME OF LATEST TRANSACTION | |
| control field | 20161120155217.0 |
| 008 - FIXED-LENGTH DATA ELEMENTS--GENERAL INFORMATION | |
| fixed length control field | 130326s2014 nyua frb 001 0 eng d |
| 010 ## - LIBRARY OF CONGRESS CONTROL NUMBER | |
| LC control number | 2013010851 |
| 020 ## - INTERNATIONAL STANDARD BOOK NUMBER | |
| International Standard Book Number | 0071086838 |
| 020 ## - INTERNATIONAL STANDARD BOOK NUMBER | |
| International Standard Book Number | 9780071086837 |
| 040 ## - CATALOGING SOURCE | |
| Original cataloging agency | DLC |
| Language of cataloging | eng |
| Transcribing agency | DLC |
| Modifying agency | EG-ScBUE |
| 042 ## - AUTHENTICATION CODE | |
| Authentication code | pcc |
| 082 04 - DEWEY DECIMAL CLASSIFICATION NUMBER | |
| Classification number | 657.3 |
| Edition number | 22 |
| Item number | SUB |
| 100 1# - MAIN ENTRY--PERSONAL NAME | |
| Personal name | Subramanyam, K. R. |
| 9 (RLIN) | 4981 |
| 245 10 - TITLE STATEMENT | |
| Title | Financial statement analysis / |
| Statement of responsibility, etc | K. R. Subramanyam. |
| 250 ## - EDITION STATEMENT | |
| Edition statement | 11th ed., international ed. |
| 260 ## - PUBLICATION, DISTRIBUTION, ETC. (IMPRINT) | |
| Place of publication, distribution, etc | New York : |
| Name of publisher, distributor, etc | McGraw-Hill Education, |
| Date of publication, distribution, etc | c.2014. |
| 300 ## - PHYSICAL DESCRIPTION | |
| Extent | xviii, 1 vol. (various pagings) : |
| Other physical details | ill. ; |
| Dimensions | 27 cm. |
| 500 ## - GENERAL NOTE | |
| General note | Index : p. IN1-IN15. |
| 504 ## - BIBLIOGRAPHY, ETC. NOTE | |
| Bibliography, etc | Bibliography : p. R1-R8. |
| 505 ## - FORMATTED CONTENTS NOTE | |
| Formatted contents note | Chapter 1: Overview of Financial Statement Analysis -- Chapter 2: Financial Reporting and Analysis -- Chapter 3: Analyzing Financing Activities -- Chapter 4: Analyzing Investing Activities -- Chapter 5: Analyzing Investing Activities: Intercorporate Investments -- Chapter 6: Analyzing Operating Activities -- Chapter 7: Cash Flow Analysis -- Chapter 8: Return on Invested Capital and Profitability Analysis -- Chapter 9: Prospective Analysis -- Chapter 10: Credit Analysis -- Chapter 11: Equity Analysis and Valuation Comprehensive Case: Applying Financial Statement Analysis Appendix A Financial Statements Colgate Palmolive Co. Campbell Soup |
| 520 ## - SUMMARY, ETC. | |
| Summary, etc | Emphasizes effective business analysis and decision making by various stakeholders of the company. This book begins with an overview, followed by accounting analysis and then financial analysis. It presents a balanced view of analysis, including both equity and credit analysis, and both cash-based and earnings-based valuation models |
| 590 ## - LOCAL NOTE (RLIN) | |
| Local note | wessam |
| 650 #7 - SUBJECT ADDED ENTRY--TOPICAL TERM | |
| Topical term or geographic name as entry element | Financial statements. |
| Source of heading or term | BUEsh |
| 9 (RLIN) | 4982 |
| 651 ## - SUBJECT ADDED ENTRY--GEOGRAPHIC NAME | |
| Source of heading or term | BUEsh |
| 653 ## - INDEX TERM--UNCONTROLLED | |
| Resource For college | BAEPS, Business Administration |
| Arrived date list | August 2016 |
| 653 ## - INDEX TERM--UNCONTROLLED | |
| Resource For college | BAEPS, Business Administration |
| Arrived date list | November2016 |
| 856 ## - ELECTRONIC LOCATION AND ACCESS | |
| Uniform Resource Identifier | <a href="http://highered.mheducation.com/sites/0078110963/information_center_view0/index.html">http://highered.mheducation.com/sites/0078110963/information_center_view0/index.html</a> |
| Link text | Book website |
| 942 ## - ADDED ENTRY ELEMENTS (KOHA) | |
| Source of classification or shelving scheme | Dewey Decimal Classification |
| Edition | 22 |
| Call number prefix | 657.3 SUB |
| Withdrawn status | Item status | Source of classification or shelving scheme | Damaged status | Not for loan | Vendor | Home library | Current library | Shelving location | Date acquired | Source of acquisition | Cost, normal purchase price | Serial Enumeration / chronology | Total Checkouts | Total Renewals | Full call number | Barcode | Date last seen | Date last borrowed | Cost, replacement price | Koha item type |
|---|---|---|---|---|---|---|---|---|---|---|---|---|---|---|---|---|---|---|---|---|
| Dewey Decimal Classification | Baccah | Central Library | Central Library | First floor | 08/08/2016 | Purchase | 480.00 | 25846 | 3 | 1 | 657.3 SUB | 000033146 | 15/07/2025 | 05/05/2019 | 600.00 | Book - Borrowing | ||||
| Dewey Decimal Classification | Baccah | Central Library | Central Library | First floor | 20/11/2016 | Purchase | 480.00 | 25846 | 1 | 657.3 SUB | 000034801 | 15/07/2025 | 13/10/2018 | 600.00 | Book - Borrowing |